000
00320nam a2200109Ia 4500
008
171204s9999 xx 000 0 und d
245
_a
Postformal Education:
245
_c
Jennifer M. Gidley
260
_c
2016
650
_x
Field Study 4: Exploring the Curriculum
856
_u
http://down.ebook777.com/040/3319290681.pdf
999
_c
345824
_d
345824